Darts Players 2021 - Statistics

General Stats
  • This quiz has been taken 137 times
  • The average score is 18 of 20
Answer Stats
Nickname Nation Answer % Correct
The Iceman Wales Gerwyn Price
100%
Mighty Mike Netherlands Michael Van Gerwen
100%
Snakebite Scotland Peter Wright
100%
The Flying Scotsman Scotland Gary Anderson
95%
Chizzy England Dave Chisnall
94%
The Asp England Nathan Aspinall
93%
The Wizard Australia Simon Whitlock
93%
The King England Mervyn King
92%
Bully Boy England Michael Smith
92%
The Machine England James Wade
91%
The Special One Portugal Jose De Sousa
89%
The Ferret Wales Jonny Clayton
87%
Jackpot England Adrian Lewis
85%
Voltage England Rob Cross
85%
Superchin Northern Ireland Daryl Gurney
83%
The Dream Maker Belgium Dimitri Van den Bergh
82%
The Gentle Austria Mensur Suljovic
81%
The Aubergenius Netherlands Dirk Van Duijvenbode
80%
The Polish Eagle Poland Krystrof Ratajski
80%
Duzza England Glen Durrant
73%
No matching quizzes found
Score Distribution
Percent of People with Each Score
Percentile by Number Answered
Your Score History
You have not taken this quiz